Prof. MUDr. Josef Faber, DrSc. šedesátníkem

Bibliographic Details
Main Author: Tichý, Jiří (Author)
Format: Article
Language:Czech
PhysicalDescription:Fotogr. 1
ISSN:1210-7859
Subjects:

MARC

LEADER 00000nab a2200000 a 4500
001 vtls000576969
003 SK-MaSNL
005 20260303010946.0
008 220422c1995 xo 0 cze
015 |a SNBRB19rr/mm-uuuuu 
035 |a CL0577107 
040 |a SNKBUCL  |b slo  |c SNKBUCL  |e AACR2 
041 0 |a cze 
044 |a xo  |c SK 
080 |a 61-051  |2 1981 
080 |a 616.8  |2 1981 
080 |a 929 Faber, Josef  |2 1981 
100 1 |a Tichý, Jiří  |4 aut  |9 451174 
245 1 0 |a Prof. MUDr. Josef Faber, DrSc. šedesátníkem  |c Jiří Tichý 
300 |b Fotogr. 1 
600 1 7 |a Faber, Josef  |d 1935-  |2 snkbucl  |9 988999 
655 7 |a články z novín a časopisov  |2 snkbucl  |9 267496 
773 0 |t Česká a slovenská neurologie a neurochirurgie  |g Roč. 58/91, č. 4 (1995), s. 209  |x 1210-7859 
850 |a Slovenská národná knižnica v Martine  |a MTA001 
852 |a SNK  |b KIS3GCP 
958 |a RK 
958 |a BC 
958 |a ME 
958 |a CZ 
958 |a NX 
992 |a RBX 
999 |c 1589787  |d 1591717